[Event "DVM U10 2017"]
[Site "Magdeburg GER"]
[Date "2017.12.27"]
[Round "1"]
[White "Zielke, Ansgar"]
[Black "Rosin, Thore"]
[Result "1-0"]
[Termination "normal"]
[Board "1.2"]
[WhiteElo "1550"]
[BlackElo "968"]
[WhiteClock "00:37:08"]
[BlackClock "00:24:58"]
[WhiteTeam "SC Borussia 1920 Friedrichsfelde"]
[BlackTeam "Lübecker SV 1"]
[PlyCount "79"]
[WhiteFideId "16244800"]
[BlackFideId "16215311"]
[EventCountry "GER"]
[EventRounds "7"]
[EventType "team-swiss"]
[EventDate "2017.12.27"]

1. d4 {[%clk 0:59:56]} d5 {[%clk 0:59:40]} 2. c4 {[%clk 0:59:18]} dxc4 {[%clk
0:58:49]} 3. e3 {[%clk 0:59:07]} Nc6 {[%clk 0:58:03]} 4. Bxc4 {[%clk 0:58:56]}
Nf6 {[%clk 0:57:08]} 5. Nc3 {[%clk 0:58:44]} e6 {[%clk 0:56:36]} 6. Nf3 {[%clk
0:58:21]} Bb4 {[%clk 0:55:28]} 7. a3 {[%clk 0:56:54]} Bxc3+ {[%clk 0:54:55]} 8.
bxc3 {[%clk 0:56:45]} O-O {[%clk 0:54:07]} 9. O-O {[%clk 0:56:32]} Na5 {[%clk
0:52:32]} 10. Bd3 {[%clk 0:56:18]} Qd5 {[%clk 0:51:58]} 11. Re1 {[%clk
0:54:42]} Nb3 {[%clk 0:51:19]} 12. c4 {[%clk 0:51:51]} Qh5 {[%clk 0:46:31]} 13.
Qxb3 {[%clk 0:51:25]} Nd7 {[%clk 0:45:55]} 14. c5 {[%clk 0:46:44]} c6 {[%clk
0:45:27]} 15. Qc2 {[%clk 0:44:52]} Nb8 {[%clk 0:44:24]} 16. Ne5 {[%clk
0:44:08]} Na6 {[%clk 0:44:04]} 17. Bxa6 {[%clk 0:43:43]} bxa6 {[%clk 0:43:50]}
18. Qe4 {[%clk 0:42:22]} Bb7 {[%clk 0:42:21]} 19. Rb1 {[%clk 0:41:52]} Rab8
{[%clk 0:41:40]} 20. Nd7 {[%clk 0:41:36]} f5 {[%clk 0:38:56]} 21. Qxe6+ {[%clk
0:41:28]} Kh8 {[%clk 0:37:52]} 22. Nxf8 {[%clk 0:41:09]} Rxf8 {[%clk 0:37:05]}
23. Rxb7 {[%clk 0:40:54]} h6 {[%clk 0:36:17]} 24. Qxc6 {[%clk 0:40:26]} Ra8
{[%clk 0:34:56]} 25. Rc7 {[%clk 0:39:55]} Qe8 {[%clk 0:34:36]} 26. Qxe8+ {[%clk
0:39:49]} Rxe8 {[%clk 0:34:26]} 27. Rxa7 {[%clk 0:39:42]} Re6 {[%clk 0:33:16]}
28. f3 {[%clk 0:39:32]} f4 {[%clk 0:31:47]} 29. e4 {[%clk 0:39:25]} Kh7 {[%clk
0:31:18]} 30. d5 {[%clk 0:39:09]} Re8 {[%clk 0:30:28]} 31. c6 {[%clk 0:39:04]}
Rc8 {[%clk 0:29:51]} 32. Bxf4 {[%clk 0:38:55]} Kg6 {[%clk 0:28:26]} 33. c7
{[%clk 0:38:36]} Kf7 {[%clk 0:27:35]} 34. d6 {[%clk 0:38:21]} Ke8 {[%clk
0:27:26]} 35. e5 {[%clk 0:38:14]} Kd7 {[%clk 0:26:53]} 36. e6+ {[%clk 0:38:06]}
Kc6 {[%clk 0:25:53]} 37. d7 {[%clk 0:37:58]} Rxc7 {[%clk 0:25:26]} 38. Rxc7+
{[%clk 0:37:49]} Kb6 {[%clk 0:25:07]} 39. Rb1+ {[%clk 0:37:19]} Ka5 {[%clk
0:24:58]} 40. d8=Q {[%clk 0:37:08]} 1-0

[Event "DVM U10 2017"]
[Site "Magdeburg GER"]
[Date "2017.12.27"]
[Round "1"]
[White "Güsmer, Aaron Raphael"]
[Black "Ermitsch, Magnus"]
[Result "0-1"]
[Termination "normal"]
[Board "1.3"]
[WhiteElo "1010"]
[BlackElo "1466"]
[WhiteClock "00:20:40"]
[BlackClock "00:47:35"]
[WhiteTeam "Lübecker SV 1"]
[BlackTeam "SC Borussia 1920 Friedrichsfelde"]
[PlyCount "34"]
[BlackFideId "16234464"]
[EventCountry "GER"]
[EventRounds "7"]
[EventType "team-swiss"]
[EventDate "2017.12.27"]

1. e4 c5 {[%clk 0:59:38]} 2. Nf3 {[%clk 0:59:43]} e6 {[%clk 0:59:05]} 3. Bc4
{[%clk 0:58:59]} Nc6 {[%clk 0:58:35]} 4. O-O {[%clk 0:58:29]} a6 {[%clk
0:58:07]} 5. a4 {[%clk 0:57:40]} Qc7 {[%clk 0:57:40]} 6. c3 {[%clk 0:56:30]}
Nf6 {[%clk 0:56:17]} 7. d3 {[%clk 0:55:10]} Be7 {[%clk 0:55:44]} 8. Be3 {[%clk
0:53:09]} d5 {[%clk 0:55:16]} 9. exd5 {[%clk 0:50:59]} exd5 {[%clk 0:54:57]}
10. Bb3 {[%clk 0:50:37]} Bg4 {[%clk 0:54:37]} 11. h3 {[%clk 0:47:17]} Bh5
{[%clk 0:54:03]} 12. Nbd2 {[%clk 0:45:12]} O-O {[%clk 0:53:32]} 13. Bg5 {[%clk
0:41:37]} Ne5 {[%clk 0:51:33]} 14. Bxf6 {[%clk 0:35:58]} Bxf6 {[%clk 0:50:49]}
15. Bxd5 {[%clk 0:35:24]} Nxd3 {[%clk 0:50:25]} 16. Be4 {[%clk 0:28:28]} Rad8
{[%clk 0:48:29]} 17. Qc2 {[%clk 0:20:40]} Bg6 {[%clk 0:47:35]} 0-1

[Event "DVM U10 2017"]
[Site "Magdeburg GER"]
[Date "2017.12.27"]
[Round "1"]
[White "Zobel, Christian Erik"]
[Black "Schmitz, Niklas"]
[Result "1-0"]
[Termination "normal"]
[Board "1.4"]
[WhiteElo "1332"]
[BlackElo "872"]
[WhiteClock "00:44:55"]
[BlackClock "00:27:05"]
[WhiteTeam "SC Borussia 1920 Friedrichsfelde"]
[BlackTeam "Lübecker SV 1"]
[PlyCount "69"]
[WhiteFideId "16259068"]
[EventCountry "GER"]
[EventRounds "7"]
[EventType "team-swiss"]
[EventDate "2017.12.27"]

1. e4 {[%clk 0:59:57]} e5 {[%clk 0:59:56]} 2. Nf3 {[%clk 0:59:49]} Nc6 {[%clk
0:58:01]} 3. Bc4 {[%clk 0:59:44]} Bc5 {[%clk 0:57:50]} 4. c3 {[%clk 0:59:39]}
Nf6 {[%clk 0:57:32]} 5. d3 {[%clk 0:59:33]} d6 {[%clk 0:56:25]} 6. Bb3 {[%clk
0:59:22]} Bg4 {[%clk 0:56:10]} 7. h3 {[%clk 0:59:05]} Bh5 {[%clk 0:55:38]} 8.
Nbd2 {[%clk 0:58:29]} b5 {[%clk 0:54:30]} 9. O-O {[%clk 0:58:00]} O-O {[%clk
0:54:04]} 10. Re1 {[%clk 0:56:59]} Qe7 {[%clk 0:53:36]} 11. Nf1 {[%clk
0:56:42]} Rae8 {[%clk 0:52:47]} 12. Ng3 {[%clk 0:55:57]} Bg6 {[%clk 0:51:52]}
13. Bg5 {[%clk 0:55:10]} Qd8 {[%clk 0:50:13]} 14. Rc1 {[%clk 0:52:18]} Qb8 15.
d4 Bb6 {[%clk 0:46:20]} 16. Qd3 {[%clk 0:52:04]} d5 {[%clk 0:45:00]} 17. Qxb5
{[%clk 0:51:42]} Qb7 {[%clk 0:44:29]} 18. exd5 {[%clk 0:51:33]} Na5 {[%clk
0:43:45]} 19. dxe5 {[%clk 0:51:26]} Nh5 {[%clk 0:42:53]} 20. Nxh5 {[%clk
0:49:55]} Bxh5 {[%clk 0:42:33]} 21. Bd1 {[%clk 0:49:06]} Rd8 {[%clk 0:41:12]}
22. Bxd8 Rxd8 {[%clk 0:40:53]} 23. c4 {[%clk 0:48:20]} a6 {[%clk 0:38:21]} 24.
Qb4 {[%clk 0:47:28]} Bxf2+ {[%clk 0:37:45]} 25. Kxf2 {[%clk 0:47:03]} Qxb4
{[%clk 0:37:34]} 26. b3 {[%clk 0:46:35]} Qb6+ {[%clk 0:36:55]} 27. c5 Rxd5
{[%clk 0:36:20]} 28. cxb6 {[%clk 0:45:32]} Bxf3 {[%clk 0:31:17]} 29. Bxf3
{[%clk 0:45:01]} Rd2+ 30. Be2 h6 {[%clk 0:29:32]} 31. bxc7 {[%clk 0:44:58]} Rd7
{[%clk 0:27:05]} 32. c8=Q+ {[%clk 0:44:55]} Kh7 33. Qxd7 Kg6 34. Bd3+ Kh5 35.
Qg4# 1-0

[Event "DVM U10 2017"]
[Site "Magdeburg GER"]
[Date "2017.12.27"]
[Round "1"]
[White "Hänselmann, Hendrik"]
[Black "Kossert, Simon"]
[Result "1-0"]
[Termination "normal"]
[Board "2.1"]
[WhiteElo "1665"]
[BlackElo "1087"]
[WhiteClock "00:48:55"]
[BlackClock "00:49:14"]
[WhiteTeam "Karlsruher SF 1"]
[BlackTeam "Karlsruher SF 2"]
[PlyCount "35"]
[WhiteFideId "16232755"]
[BlackFideId "16283287"]
[EventCountry "GER"]
[EventRounds "7"]
[EventType "team-swiss"]
[EventDate "2017.12.27"]

1. e4 {[%clk 0:59:58]} e5 {[%clk 0:59:52]} 2. Nf3 {[%clk 0:59:53]} Nc6 {[%clk
0:59:26]} 3. Nc3 {[%clk 0:59:48]} f5 {[%clk 0:59:02]} 4. Bb5 {[%clk 0:58:10]}
fxe4 {[%clk 0:58:16]} 5. Nxe4 {[%clk 0:58:00]} d5 {[%clk 0:56:58]} 6. Nc3
{[%clk 0:57:30]} Bd6 {[%clk 0:56:22]} 7. Nxd5 {[%clk 0:55:59]} Be6 {[%clk
0:55:15]} 8. Nc3 {[%clk 0:55:26]} Qd7 {[%clk 0:54:42]} 9. O-O {[%clk 0:54:12]}
O-O-O {[%clk 0:54:29]} 10. d4 {[%clk 0:52:51]} exd4 {[%clk 0:53:33]} 11. Bxc6
{[%clk 0:50:34]} Qxc6 {[%clk 0:52:36]} 12. Nxd4 {[%clk 0:48:55]} Qd7 {[%clk
0:49:14]} 13. Nf3 Qf7 14. Qe2 Nf6 15. Ng5 Qe7 16. Qxe6+ Rd7 17. Qxe7 Rxe7 18.
Bd2 1-0

[Event "DVM U10 2017"]
[Site "Magdeburg GER"]
[Date "2017.12.27"]
[Round "1"]
[White "Schulz, Jonas"]
[Black "Eichhorn, Valentin"]
[Result "0-1"]
[Termination "normal"]
[Board "2.2"]
[WhiteElo "1037"]
[BlackElo "1720"]
[WhiteClock "00:37:58"]
[BlackClock "00:44:43"]
[WhiteTeam "Karlsruher SF 2"]
[BlackTeam "Karlsruher SF 1"]
[PlyCount "46"]
[WhiteFideId "16245172"]
[BlackFideId "16239032"]
[EventCountry "GER"]
[EventRounds "7"]
[EventType "team-swiss"]
[EventDate "2017.12.27"]

1. e4 {[%clk 0:59:58]} c5 {[%clk 0:59:55]} 2. Nf3 {[%clk 0:59:34]} Nc6 {[%clk
0:59:48]} 3. Bc4 {[%clk 0:59:16]} e6 {[%clk 0:59:42]} 4. Nc3 {[%clk 0:58:45]}
a6 {[%clk 0:59:35]} 5. a3 {[%clk 0:58:24]} Nf6 {[%clk 0:59:22]} 6. d3 {[%clk
0:58:11]} Be7 {[%clk 0:59:00]} 7. Bf4 {[%clk 0:57:19]} O-O {[%clk 0:58:26]} 8.
O-O {[%clk 0:57:13]} b5 {[%clk 0:58:09]} 9. Ba2 {[%clk 0:56:49]} Bb7 {[%clk
0:57:31]} 10. a4 {[%clk 0:55:40]} b4 {[%clk 0:57:05]} 11. Ne2 {[%clk 0:54:31]}
d5 {[%clk 0:56:15]} 12. exd5 {[%clk 0:54:00]} Nxd5 {[%clk 0:55:59]} 13. Bg3
{[%clk 0:52:27]} Bf6 {[%clk 0:54:30]} 14. Rb1 {[%clk 0:50:53]} Qa5 {[%clk
0:53:16]} 15. c4 {[%clk 0:49:58]} Nde7 {[%clk 0:51:46]} 16. Qc2 {[%clk
0:48:51]} Rfd8 {[%clk 0:50:32]} 17. Rbd1 {[%clk 0:48:03]} Nf5 {[%clk 0:49:24]}
18. Bb1 {[%clk 0:47:41]} Ncd4 {[%clk 0:48:29]} 19. Nexd4 {[%clk 0:46:01]} Nxd4
20. Nxd4 {[%clk 0:45:44]} Bxd4 {[%clk 0:47:40]} 21. Bh4 {[%clk 0:45:10]} Qb6
{[%clk 0:45:16]} 22. Bxd8 {[%clk 0:44:49]} Qc6 {[%clk 0:44:43]} 23. Bh4 {[%clk
0:37:58]} Qxg2# 0-1

[Event "DVM U10 2017"]
[Site "Magdeburg GER"]
[Date "2017.12.27"]
[Round "1"]
[White "Kiefhaber, Tobias"]
[Black "Khachaturyan, Konstantin"]
[Result "1-0"]
[Termination "normal"]
[Board "2.3"]
[WhiteElo "1370"]
[BlackElo "1024"]
[WhiteClock "00:38:46"]
[BlackClock "00:21:19"]
[WhiteTeam "Karlsruher SF 1"]
[BlackTeam "Karlsruher SF 2"]
[PlyCount "89"]
[WhiteFideId "16240693"]
[BlackFideId "16239083"]
[EventCountry "GER"]
[EventRounds "7"]
[EventType "team-swiss"]
[EventDate "2017.12.27"]

1. d4 {[%clk 1:00:00]} d5 {[%clk 0:59:49]} 2. Nf3 {[%clk 0:59:59]} Nf6 {[%clk
0:59:37]} 3. c4 {[%clk 0:59:48]} e6 {[%clk 0:59:22]} 4. Bg5 {[%clk 0:59:03]}
Be7 {[%clk 0:59:04]} 5. Nc3 {[%clk 0:58:37]} Nbd7 {[%clk 0:58:38]} 6. e3 {[%clk
0:57:54]} a6 {[%clk 0:58:12]} 7. Be2 {[%clk 0:57:26]} O-O {[%clk 0:58:01]} 8.
O-O {[%clk 0:57:19]} h6 {[%clk 0:57:04]} 9. Bh4 {[%clk 0:56:57]} Ne4 {[%clk
0:54:54]} 10. Bxe7 {[%clk 0:56:39]} Nxc3 {[%clk 0:54:24]} 11. Bxd8 {[%clk
0:56:04]} Nxd1 {[%clk 0:54:14]} 12. cxd5 {[%clk 0:55:27]} Rxd8 {[%clk 0:53:53]}
13. dxe6 {[%clk 0:55:11]} Nxe3 {[%clk 0:51:19]} 14. exf7+ {[%clk 0:54:32]} Kxf7
15. fxe3 Re8 {[%clk 0:50:28]} 16. Ne5+ {[%clk 0:52:37]} Kg8 {[%clk 0:49:32]}
17. Bc4+ {[%clk 0:51:44]} Kh7 {[%clk 0:48:46]} 18. Bd3+ {[%clk 0:51:04]} Kg8
{[%clk 0:48:30]} 19. Ng6 {[%clk 0:50:35]} Nf6 {[%clk 0:45:39]} 20. e4 {[%clk
0:49:29]} Bd7 {[%clk 0:44:19]} 21. e5 {[%clk 0:48:51]} Nd5 {[%clk 0:43:25]} 22.
Bc4 {[%clk 0:47:28]} c6 {[%clk 0:41:40]} 23. Rf2 {[%clk 0:46:50]} b5 {[%clk
0:41:10]} 24. Bb3 {[%clk 0:46:43]} Be6 {[%clk 0:40:19]} 25. Raf1 {[%clk
0:45:47]} a5 {[%clk 0:38:43]} 26. Nf4 {[%clk 0:44:50]} a4 {[%clk 0:37:20]} 27.
Bxd5 {[%clk 0:43:45]} cxd5 {[%clk 0:36:15]} 28. Nxe6 {[%clk 0:43:04]} Rxe6
{[%clk 0:34:52]} 29. Rf7 {[%clk 0:42:39]} Rb8 {[%clk 0:33:20]} 30. Rd7 {[%clk
0:42:31]} Ra8 {[%clk 0:30:17]} 31. Rxd5 {[%clk 0:41:59]} b4 {[%clk 0:29:07]}
32. Rc1 {[%clk 0:41:56]} a3 {[%clk 0:27:43]} 33. b3 {[%clk 0:41:48]} Rf8 {[%clk
0:27:27]} 34. Rc7 {[%clk 0:41:36]} Rb8 {[%clk 0:26:18]} 35. Rdd7 {[%clk
0:41:23]} g5 {[%clk 0:25:06]} 36. d5 {[%clk 0:41:12]} Rxe5 {[%clk 0:24:37]} 37.
Kf2 {[%clk 0:41:07]} Rf8+ {[%clk 0:23:46]} 38. Kg3 {[%clk 0:40:34]} Re3+ {[%clk
0:23:29]} 39. Kg4 {[%clk 0:40:10]} Rf4+ {[%clk 0:23:12]} 40. Kh5 {[%clk
0:39:50]} Rh4+ {[%clk 0:22:59]} 41. Kg6 {[%clk 0:39:41]} Re8 {[%clk 0:22:17]}
42. Rg7+ {[%clk 0:39:06]} Kh8 {[%clk 0:21:58]} 43. Rh7+ {[%clk 0:38:53]} Kg8
{[%clk 0:21:43]} 44. Rcg7+ {[%clk 0:38:46]} Kf8 {[%clk 0:21:19]} 45. Rh8# 1-0

[Event "DVM U10 2017"]
[Site "Magdeburg GER"]
[Date "2017.12.27"]
[Round "1"]
[White "Liu, Leon"]
[Black "Fischer, Darja"]
[Result "0-1"]
[Termination "normal"]
[Board "2.4"]
[WhiteElo "974"]
[BlackElo "1182"]
[WhiteClock "00:35:30"]
[BlackClock "00:36:56"]
[WhiteTeam "Karlsruher SF 2"]
[BlackTeam "Karlsruher SF 1"]
[PlyCount "100"]
[WhiteFideId "16275047"]
[BlackFideId "16240898"]
[EventCountry "GER"]
[EventRounds "7"]
[EventType "team-swiss"]
[EventDate "2017.12.27"]

1. e4 {[%clk 0:59:50]} c6 {[%clk 0:59:58]} 2. Nf3 {[%clk 0:59:48]} d5 {[%clk
0:59:54]} 3. Nc3 {[%clk 0:59:21]} Bg4 {[%clk 0:58:32]} 4. h3 {[%clk 0:59:01]}
Bxf3 {[%clk 0:58:28]} 5. Qxf3 {[%clk 0:58:42]} e6 {[%clk 0:58:24]} 6. d4 {[%clk
0:58:23]} Nf6 {[%clk 0:56:56]} 7. Bd3 {[%clk 0:58:02]} dxe4 {[%clk 0:55:54]} 8.
Nxe4 {[%clk 0:57:36]} Qxd4 {[%clk 0:55:12]} 9. Nxf6+ {[%clk 0:57:23]} Qxf6
{[%clk 0:55:07]} 10. Qxf6 {[%clk 0:57:12]} gxf6 {[%clk 0:55:00]} 11. Bf4 {[%clk
0:56:43]} Bc5 {[%clk 0:54:23]} 12. O-O {[%clk 0:56:25]} Nd7 {[%clk 0:53:24]}
13. Rad1 {[%clk 0:55:57]} Rd8 {[%clk 0:51:41]} 14. Rfe1 {[%clk 0:55:20]} Nb6
{[%clk 0:48:46]} 15. Bc7 {[%clk 0:54:36]} Rd7 {[%clk 0:48:00]} 16. Bxb6 {[%clk
0:53:57]} Bxb6 {[%clk 0:47:46]} 17. b3 {[%clk 0:52:59]} Kd8 {[%clk 0:46:02]}
18. Bc4 {[%clk 0:52:09]} Rxd1 {[%clk 0:45:29]} 19. Rxd1+ {[%clk 0:51:54]} Kc7
{[%clk 0:45:14]} 20. a4 {[%clk 0:51:42]} Rd8 {[%clk 0:45:04]} 21. Rxd8 {[%clk
0:51:01]} Kxd8 {[%clk 0:44:59]} 22. Bd3 {[%clk 0:50:54]} h6 {[%clk 0:44:51]}
23. g4 {[%clk 0:50:29]} Kd7 {[%clk 0:44:46]} 24. Kg2 {[%clk 0:50:07]} Kd6
{[%clk 0:44:41]} 25. Kf3 {[%clk 0:49:47]} Kd5 {[%clk 0:44:33]} 26. c4+ {[%clk
0:48:44]} Kd4 {[%clk 0:44:21]} 27. Bh7 {[%clk 0:47:38]} Kc3 {[%clk 0:42:38]}
28. Bg8 {[%clk 0:47:11]} Kxb3 {[%clk 0:42:24]} 29. Bxf7 {[%clk 0:47:00]} Kxa4
{[%clk 0:41:41]} 30. Bxe6 {[%clk 0:46:51]} Kb4 {[%clk 0:41:34]} 31. Bc8 {[%clk
0:46:36]} Kxc4 {[%clk 0:41:17]} 32. Bxb7 {[%clk 0:46:14]} Kd5 {[%clk 0:41:07]}
33. Kg3 {[%clk 0:45:28]} a5 {[%clk 0:40:55]} 34. f4 {[%clk 0:45:10]} a4 {[%clk
0:40:50]} 35. Bc8 {[%clk 0:44:33]} a3 {[%clk 0:40:23]} 36. f5 {[%clk 0:44:24]}
c5 {[%clk 0:39:48]} 37. Be6+ {[%clk 0:43:51]} Kd4 {[%clk 0:39:42]} 38. Ba2
{[%clk 0:43:37]} c4 {[%clk 0:39:34]} 39. h4 {[%clk 0:41:10]} c3 {[%clk
0:39:21]} 40. Bb3 {[%clk 0:40:44]} a2 {[%clk 0:38:49]} 41. Bxa2 {[%clk
0:40:23]} c2 {[%clk 0:38:38]} 42. g5 {[%clk 0:39:35]} fxg5 {[%clk 0:38:15]} 43.
hxg5 {[%clk 0:39:29]} hxg5 {[%clk 0:38:07]} 44. f6 {[%clk 0:39:20]} c1=Q {[%clk
0:38:00]} 45. f7 {[%clk 0:38:47]} Qf4+ {[%clk 0:37:49]} 46. Kg2 {[%clk
0:38:26]} Bc5 {[%clk 0:37:33]} 47. Kh1 {[%clk 0:37:34]} Qf1+ {[%clk 0:37:26]}
48. Kh2 {[%clk 0:37:31]} Qe2+ {[%clk 0:37:18]} 49. Kg3 {[%clk 0:36:50]} Bd6+
{[%clk 0:36:56]} 50. Kh3 {[%clk 0:35:30]} Qf3# 0-1

[Event "DVM U10 2017"]
[Site "Magdeburg GER"]
[Date "2017.12.27"]
[Round "1"]
[White "Jouani, Zakharia"]
[Black "Grunert, Heinrich"]
[Result "1-0"]
[Termination "normal"]
[Board "3.2"]
[WhiteElo "1231"]
[BlackElo "1212"]
[WhiteClock "00:19:43"]
[BlackClock "00:26:32"]
[WhiteTeam "Schachpinguine Berlin 1"]
[BlackTeam "SK München Südost"]
[PlyCount "75"]
[WhiteFideId "16206746"]
[BlackFideId "16213416"]
[EventCountry "GER"]
[EventRounds "7"]
[EventType "team-swiss"]
[EventDate "2017.12.27"]

1. e4 {[%clk 0:59:58]} e5 {[%clk 0:59:56]} 2. Nf3 {[%clk 0:59:54]} Nc6 {[%clk
0:59:47]} 3. Bb5 {[%clk 0:59:49]} a6 {[%clk 0:59:22]} 4. Ba4 {[%clk 0:59:02]}
Bc5 {[%clk 0:58:37]} 5. O-O {[%clk 0:58:40]} Nf6 {[%clk 0:57:27]} 6. Re1 {[%clk
0:58:25]} O-O {[%clk 0:57:11]} 7. c3 {[%clk 0:57:59]} d6 {[%clk 0:56:38]} 8. d4
{[%clk 0:57:07]} exd4 {[%clk 0:56:15]} 9. cxd4 {[%clk 0:56:56]} Bb4 {[%clk
0:55:29]} 10. Bd2 {[%clk 0:56:07]} Bxd2 {[%clk 0:55:02]} 11. Nbxd2 {[%clk
0:55:06]} Re8 12. Rc1 Rb8 {[%clk 0:51:25]} 13. d5 {[%clk 0:53:54]} b5 {[%clk
0:50:41]} 14. Rxc6 {[%clk 0:49:12]} bxa4 {[%clk 0:50:19]} 15. Rc2 {[%clk
0:43:31]} Bd7 {[%clk 0:49:38]} 16. e5 {[%clk 0:40:21]} dxe5 {[%clk 0:49:13]}
17. Rxe5 {[%clk 0:39:55]} Rxe5 {[%clk 0:49:02]} 18. Nxe5 {[%clk 0:39:50]} a3
{[%clk 0:48:49]} 19. b3 {[%clk 0:39:08]} Bf5 {[%clk 0:48:16]} 20. Nc6 {[%clk
0:36:23]} Qxd5 {[%clk 0:47:49]} 21. Nxb8 {[%clk 0:35:07]} Bxc2 {[%clk 0:47:06]}
22. Qxc2 {[%clk 0:34:45]} h6 {[%clk 0:46:19]} 23. Nc6 {[%clk 0:32:04]} Qe6
{[%clk 0:43:29]} 24. Nf3 {[%clk 0:29:33]} Ng4 {[%clk 0:41:26]} 25. h3 {[%clk
0:28:15]} Nf6 {[%clk 0:38:31]} 26. Qc4 {[%clk 0:24:12]} Qd7 {[%clk 0:37:28]}
27. Nce5 {[%clk 0:23:19]} Qd1+ {[%clk 0:36:14]} 28. Kh2 {[%clk 0:23:07]} Qd6
{[%clk 0:35:41]} 29. Qxf7+ {[%clk 0:22:52]} Kh8 30. g3 Kh7 {[%clk 0:31:19]} 31.
Qg6+ {[%clk 0:22:01]} Kh8 {[%clk 0:31:01]} 32. Nf7+ {[%clk 0:21:51]} Kg8 {[%clk
0:30:34]} 33. Nxh6+ {[%clk 0:21:33]} Kh8 {[%clk 0:29:13]} 34. Nf7+ {[%clk
0:21:07]} Kg8 {[%clk 0:28:57]} 35. Nxd6 {[%clk 0:20:52]} Nh7 {[%clk 0:27:55]}
36. Qf7+ {[%clk 0:19:57]} Kh8 {[%clk 0:27:46]} 37. Ne8 {[%clk 0:19:43]} Nf6
{[%clk 0:26:32]} 38. Qxg7# 1-0

[Event "DVM U10 2017"]
[Site "Magdeburg GER"]
[Date "2017.12.27"]
[Round "1"]
[White "Wunderlich, Elias"]
[Black "Korek, Jakob Alexander"]
[Result "0-1"]
[Termination "normal"]
[Board "3.3"]
[WhiteElo "1032"]
[BlackElo "1435"]
[WhiteClock "00:53:04"]
[BlackClock "00:47:11"]
[WhiteTeam "SK München Südost"]
[BlackTeam "Schachpinguine Berlin 1"]
[PlyCount "44"]
[WhiteFideId "34608087"]
[BlackFideId "16240022"]
[EventCountry "GER"]
[EventRounds "7"]
[EventType "team-swiss"]
[EventDate "2017.12.27"]

1. e4 {[%clk 0:59:53]} c5 {[%clk 0:59:57]} 2. Nf3 {[%clk 0:59:40]} Nc6 {[%clk
0:58:38]} 3. Bc4 {[%clk 0:59:29]} Nf6 {[%clk 0:57:48]} 4. Ng5 {[%clk 0:59:23]}
e6 {[%clk 0:57:24]} 5. O-O {[%clk 0:59:08]} h6 {[%clk 0:57:09]} 6. Nh3 {[%clk
0:58:51]} Nxe4 {[%clk 0:56:41]} 7. Qe2 {[%clk 0:58:43]} Nf6 {[%clk 0:56:26]} 8.
Nc3 {[%clk 0:58:22]} Be7 {[%clk 0:55:39]} 9. d3 {[%clk 0:58:11]} d5 {[%clk
0:55:21]} 10. Bb3 {[%clk 0:57:59]} O-O {[%clk 0:54:51]} 11. Bd2 {[%clk
0:57:41]} b6 {[%clk 0:53:24]} 12. a3 {[%clk 0:57:33]} Bb7 {[%clk 0:52:07]} 13.
Ba2 {[%clk 0:56:58]} Nd4 {[%clk 0:51:28]} 14. Qe3 {[%clk 0:56:39]} Nxc2 {[%clk
0:51:17]} 15. Qe2 {[%clk 0:56:13]} Nxa1 {[%clk 0:51:05]} 16. Rxa1 {[%clk
0:56:03]} Qc7 {[%clk 0:50:20]} 17. Bf4 {[%clk 0:55:49]} Qc6 {[%clk 0:49:59]}
18. Qe3 {[%clk 0:55:11]} d4 {[%clk 0:49:50]} 19. Bd5 {[%clk 0:54:45]} Nxd5
{[%clk 0:48:45]} 20. Qe4 {[%clk 0:54:14]} dxc3 {[%clk 0:48:05]} 21. bxc3 {[%clk
0:53:42]} Nxc3 {[%clk 0:47:30]} 22. Qe3 {[%clk 0:53:04]} Qxg2# {[%clk 0:47:11]}
0-1

[Event "DVM U10 2017"]
[Site "Magdeburg GER"]
[Date "2017.12.27"]
[Round "1"]
[White "Rosenhain, Jonathan"]
[Black "Klonov, Sofia"]
[Result "1-0"]
[Termination "normal"]
[Board "3.4"]
[WhiteElo "1199"]
[BlackElo "977"]
[WhiteClock "00:43:16"]
[BlackClock "00:00:23"]
[WhiteTeam "Schachpinguine Berlin 1"]
[BlackTeam "SK München Südost"]
[PlyCount "45"]
[WhiteFideId "16212169"]
[BlackFideId "16226240"]
[EventCountry "GER"]
[EventRounds "7"]
[EventType "team-swiss"]
[EventDate "2017.12.27"]

1. e4 {[%clk 0:59:57]} c5 2. Nf3 Nc6 {[%clk 0:59:05]} 3. d4 {[%clk 0:59:17]}
cxd4 {[%clk 0:58:39]} 4. Nxd4 {[%clk 0:58:56]} g6 {[%clk 0:57:29]} 5. Nc3
{[%clk 0:58:31]} Bg7 6. Nf3 d6 {[%clk 0:50:41]} 7. Bc4 {[%clk 0:57:41]} Nf6
{[%clk 0:34:20]} 8. O-O {[%clk 0:56:44]} O-O {[%clk 0:26:33]} 9. Be3 {[%clk
0:55:25]} Bg4 10. Be2 e6 {[%clk 0:25:05]} 11. h3 {[%clk 0:54:55]} Bxf3 {[%clk
0:23:47]} 12. Bxf3 {[%clk 0:54:45]} Ne7 {[%clk 0:15:23]} 13. Qd2 {[%clk
0:53:37]} Qd7 {[%clk 0:12:33]} 14. Rad1 {[%clk 0:52:44]} Rad8 {[%clk 0:12:04]}
15. Bxa7 {[%clk 0:52:14]} d5 {[%clk 0:11:23]} 16. e5 {[%clk 0:50:56]} Ne8
{[%clk 0:07:56]} 17. Bd4 Nc7 {[%clk 0:02:14]} 18. Rfe1 {[%clk 0:48:57]} Nc6
{[%clk 0:01:40]} 19. Bc5 {[%clk 0:47:37]} Rfe8 {[%clk 0:01:23]} 20. Na4 {[%clk
0:45:32]} Na6 {[%clk 0:00:47]} 21. Nb6 {[%clk 0:45:13]} Qc7 {[%clk 0:00:40]}
22. Qe3 {[%clk 0:43:58]} Nab4 {[%clk 0:00:23]} 23. Bd6 {[%clk 0:43:16]} 1-0